| 000 | 00604cam a2200241ua 4500 | ||
|---|---|---|---|
| 020 | _c135.00 | ||
| 041 |
_aeng _h |
||
| 082 |
_a624.18341 _bRAM/DE |
||
| 100 | _aRamamrutham, S. | ||
| 245 |
_aDesign of Reinforced concrete structures,Part-1,2 / _cS Ramamrutham. _hTextual Documents |
||
| 250 |
_a11 / _b. |
||
| 260 |
_aDelhi : _bDhanpath Rai and sons , _c1993. |
||
| 300 | _a1344 ; . | ||
| 365 | _a135.00 | ||
| 500 | _a*CSS | ||
| 504 | _a | ||
| 700 | 1 | _aNarayan, R . | |
| 942 | _cBK | ||
| 999 |
_c11036 _d11036 |
||